00441nam a2200181 a 4500001001300000003000900013005001700022008004100039020002300080082001500103100001700118245002000135260003300155300000900188500003500197650001000232700001700242nice12345678IN_TiNIC20260116015002.0070531s1990 onta grp 000 0 eng  a0836135121 c10000a364.6bZEH aZehr, Howard aChanging Lenses aOntariobHerald Press c1990 a280p aincludes index and biblioraphy aCrime1 aZehr, Howard